विश्व कवि गुरूदेव रवीन्द्रनाथ ठाकुर / (Record no. 12394)

MARC details
000 -LEADER
fixed length control field 01287 a2200217 4500
005 - DATE AND TIME OF LATEST TRANSACTION
control field 20080828100130.0
008 - FIXED-LENGTH DATA ELEMENTS--GENERAL INFORMATION
fixed length control field 080828t xxu||||| |||| 00| 0 hin d
010 ## - LIBRARY OF CONGRESS CONTROL NUMBER
LC control number HIN-83345
020 ## - INTERNATIONAL STANDARD BOOK NUMBER
International Standard Book Number 8190183745
Terms of availability 100.00
035 ## - SYSTEM CONTROL NUMBER
System control number HN-55691
037 ## - SOURCE OF ACQUISITION
Source of stock number/acquisition पु.प्र.अ.प्र /प्रका
082 ## - DEWEY DECIMAL CLASSIFICATION NUMBER
Classification number 820.92
100 ## - MAIN ENTRY--PERSONAL NAME
Personal name शर्मा, राजेश
245 ## - TITLE STATEMENT
Title विश्व कवि गुरूदेव रवीन्द्रनाथ ठाकुर /
Statement of responsibility, etc राजेश शर्मा
246 ## - VARYING FORM OF TITLE
Title proper/short title Vishv Kavi Gurudev Ravindernath Thakur
Remainder of title by Rajesh Sharma
260 ## - PUBLICATION, DISTRIBUTION, ETC. (IMPRINT)
Place of publication, distribution, etc पंजाब
Name of publisher, distributor, etc प्रेमनाथ जसवन्ती देवी प्रतिष्ठान
Date of publication, distribution, etc 2006
270 ## - ADDRESS
Address गांव सिम्बल माजरा (जेतेवाल) पोस्ट नूरपुर बेदी, जिला रोपड़
City पंजाब
300 ## - PHYSICAL DESCRIPTION
Extent 96पृ
Other physical details सचित्र
Dimensions 22 सेमी (सजिल्द)
942 ## - ADDED ENTRY ELEMENTS (KOHA)
Institution code [OBSOLETE] dpl
Koha item type Hindi Books
Call number prefix 820.92 / शर्मारा
Source of classification or shelving scheme Dewey Decimal Classification
Classification part 820.92
Call number suffix शर्मारा
Holdings
Withdrawn status Lost status Damaged status Not for loan Home library Current library Date acquired Cost, normal purchase price Total Checkouts Full call number Barcode Date last seen Copy number Uniform Resource Identifier Cost, replacement price Price effective from Koha item type
        D.B.Act.Division D.B.Act.Division   100.00   820.92 शर्मारा HN-55691 15/09/2008 1 13604 100.00 15/09/2008 Hindi Books

© Delhi Public Library
Hit Counter
free hit counter